Noticia histórica y descriptiva del Laboratorio del Material de Ingenieros [militares] / (Record no. 159067)
[ view plain ]
| 000 -LEADER | |
|---|---|
| campo de control de longitud fija | 00907nam a2200217 i 4500 |
| 001 - NÚMERO DE CONTROL | |
| campo de control | 159067 |
| 003 - IDENTIFICADOR DE NÚMERO DE CONTROL | |
| campo de control | ES-MaACL |
| 005 - FECHA Y HORA DE LA ÚLTIMA TRANSACCIÓN | |
| campo de control | 20230906211433.0 |
| 008 - DATOS DE LONGITUD FIJA--INFORMACIÓN GENERAL | |
| campo de control de longitud fija | 990325s1899 sp f |||| | spa d |
| 100 1# - ENTRADA PRINCIPAL--NOMBRE DE PERSONA | |
| Nombre de persona | Marvá y Mayer, José. |
| 9 (RLIN) | 78576 |
| 245 10 - MENCIÓN DEL TÍTULO | |
| Título | Noticia histórica y descriptiva del Laboratorio del Material de Ingenieros [militares] / |
| Mención de responsabilidad, etc. | por D. José Marvá y Mayer. |
| 260 ## - PUBLICACIÓN, DISTRIBUCIÓN, ETC. | |
| Lugar de publicación, distribución, etc. | Madrid : |
| Nombre del editor, distribuidor, etc. | [s.n.], |
| Fecha de publicación, distribución, etc. | 1899 ( |
| Fabricante | Imp. del Memorial de Ingenieros) |
| 300 ## - DESCRIPCIÓN FÍSICA | |
| Extensión | 28 p., 18 h. de lám., [5] h. de planos ; |
| Dimensiones | 26 cm. |
| 530 ## - NOTA DISPONIBLE DE FORMULARIO FÍSICO ADICIONAL | |
| Nota de formato físico adicional disponible | Disponible en formato digital. |
| 597 ## - NOTA DE DESCRIPCIÓN FÍSICA | |
| NOTA DE DESCRIPCIÓN FÍSICA | Antep. |
| 599 ## - NOTA A LAS ILUSTRACIONES | |
| NOTA A LAS ILUSTRACIONES | Lám.: "Fot. de Hauser y Menet" |
| 650 #4 - PUNTO DE ACCESO ADICIONAL DE MATERIA--TÉRMINO DE MATERIA | |
| Término de materia o nombre geográfico como elemento de entrada | Ingenieros militares- |
| Subdivisión geográfica | España. |
| 9 (RLIN) | 166145 |
| 710 2# - ENTRADA AGREGADA--NOMBRE DE ENTIDAD CORPORATIVA | |
| Nombre de entidad corporativa o nombre de jurisdicción como elemento de entrada | Hauser y Menet (Madrid) |
| 9 (RLIN) | 4558 |
| 852 ## - LOCALIZACIÓN | |
| Ubicación | ES-MaACL |
| Número de control de estantería | T-928-F-2 |
| Nota libre | - Enc. hol., conservando cub. original |
| 856 ## - LOCALIZACIÓN Y ACCESO ELECTRÓNICOS | |
| Identificador Uniforme de Recursos | <a href="http://bdh-rd.bne.es/viewer.vm?id=0000227288&page=1 ">http://bdh-rd.bne.es/viewer.vm?id=0000227288&page=1 </a> |
| Nota pública | Biblioteca Digital Hispánica |
| Estatus retirado | Estado de pérdida | Estado de daño | No para préstamo | Colección | Biblioteca de origen | Biblioteca actual | Ubicación en estantería | Fecha de adquisición | Total de préstamos | Signatura topográfica completa | Código de barras | Visto por última vez | Precio de reemplazo | Tipo de ítem Koha |
|---|---|---|---|---|---|---|---|---|---|---|---|---|---|---|
| Colección de folletos | Biblioteca del Ateneo de Madrid | Biblioteca del Ateneo de Madrid | Depósito folletos | 17/01/2008 | T-928-F-2 | 1166520 | 23/02/2023 | 23/02/2023 | Folleto |
